[Event "FISU World University"]
[Site "Tornelo INT"]
[Date "2020.10.26"]
[Round "3.1"]
[White "Herrera Camara, Genny Ceci"]
[Black "Velikic, Adela"]
[Result "1/2-1/2"]
[WhiteElo "1828"]
[BlackElo "2259"]
[PlyCount "107"]
[EventDate "2020.10.26"]
[EventType "team-swiss (rapid)"]
[EventRounds "9"]
[EventCountry "NET"]
[SourceTitle "CBM 199 Extra"]
[Source "ChessBase"]
[SourceDate "2021.01.31"]
[SourceVersion "1"]
[SourceVersionDate "2021.01.31"]
[SourceQuality "1"]
[WhiteTeam "Mexico II"]
[BlackTeam "Serbia"]
[WhiteTeamCountry "MEX"]
[BlackTeamCountry "SRB"]

1. d4 d5 2. c4 c6 3. e3 Nf6 4. Nf3 e6 5. b3 Nbd7 6. Bd3 Bd6 7. Bb2 0-0 8. 0-0 b6 9. Nbd2 Bb7 10. Rc1 Qe7 11. Ne5 c5 12. Nxd7 Nxd7 13. cxd5 exd5 14. Qh5 Nf6 15. Qh4 Ne4 16. Qxe7 Bxe7 17. Nf3 Rfd8 18. dxc5 Nxc5 19. Be2 a5 20. Bd4 f6 21. Rfd1 Kf7 22. Bb2 a4 23. b4 a3 24. Bd4 Na4 25. Rc7 Bc8 26. Bb5 Kf8 27. Rdc1 Be6 28. Bxa4 Rxa4 29. Bxb6 Bxb4 30. Nd4 Re8 31. h3 Bf7 32. Rd7 Be7 33. Rcc7 Rc4 34. Nf5 Rxc7 35. Rxc7 Bd8 36. Bc5+ Kg8 37. Ra7 d4 38. exd4 h5 39. Nd6 Re1+ 40. Kh2 Bd5 41. Nf5 Bf7 42. Ra8 Re8 43. Nd6 Bc7 44. Rxe8+ Bxe8 45. g3 Bxd6 46. Bxd6 Bf7 47. Bxa3 Bxa2 48. g4 hxg4 49. hxg4 Kf7 50. Kg3 g5 51. f4 gxf4+ 52. Kxf4 Ke6 53. Bb2 Bd5 54. Ba3 1/2-1/2